Statistiques concernant Autour de la lutte aux JO

Cliquez ici pour prendre le quiz!

Statistiques générales

  • Ce quiz a été pris 2 fois
  • Le résultat moyen est 19 sur 45

Statistiques - réponses

HintRéponse% Correct
GénéralitésLa lutte gréco-romaine est au programme des JO dès1896
100%
GénéralitésUn lutteur a remporté 4 médailles en 4 éditions des JO, il est de nationalitécubaine
100%
De quelle nationalité sont ces multimédailles olympiques ?Mijain Lopez (4)Cubaine
100%
GénéralitésUne lutteuse a remporté 4 médailles en 4 éditions des JO, elle est de nationalitéjaponaise
100%
De quelle nationalité sont ces multimédailles olympiques ?Buvaysar Saytiev (3)Russie
100%
Les médaillés françaisLGR Légers en 2008Steeve {Guénot}
100%
Les médaillés françaisLGR Légers en 2012Steeve {Guénot}
100%
GénéralitésLa lutte libre apparait en1904
50%
GénéralitésLes femmes participent en lutte depuis2004
50%
De quelle nationalité sont ces multimédailles olympiques ?Wilfried Dietrich (5)Allemande
50%
De quelle nationalité sont ces multimédailles olympiques ?Bruce Baumgartner (4)Américaine
50%
Citez un pays ayant remporté au moins10 médailles d'orBulgarie | Finlande | Corée-du-Sud | Cuba
50%
Les médaillés françaisLGR Welters en 2008Christophe {Guénot}
50%
Les médaillés françaisLL Welters en 1968Daniel {Robin}
50%
Les médaillés françaisLGR Welters en 1968Daniel {Robin}
50%
GénéralitésLe pays ayant envoyé le plus de lutteurs (396) aux JO est le/la/l'/lesEtats-Unis
50%
Citez un pays ayant remporté au moins30 médailles d'argentEtats-Unis | Bulgarie | URSS
50%
Citez un pays ayant remporté au moins30 médailles de bronzeEtats-Unis | Suède
50%
Les médaillés françaisLGR Lourds en 1924Henri {Deglane}
50%
Citez un pays ayant remporté au moins15 médailles de bronzeHongrie | Roumanie | Japon | Turquie
50%
Citez un pays ayant remporté au moins20 médailles de bronzeIran | Bulgarie | URSS | Finlande
50%
Citez un pays ayant remporté au moins20 médailles d'argentIran | Suède | Japon | Allemagne
50%
De quelle nationalité sont ces multimédailles olympiques ?Saori Yoshida (4)Japonaise
50%
Citez un pays ayant remporté au moins30 médailles d'orJapon | Russie
50%
De quelle nationalité sont ces multimédailles olympiques ?Aleksandr Medved (3)Soviétique
50%
De quelle nationalité sont ces multimédailles olympiques ?Makharbek Khadartsev (3)Soviétique
50%
De quelle nationalité sont ces multimédailles olympiques ?Rudolf Svensson (4)Suède
50%
Citez un pays ayant remporté au moins10 médailles d'argentTurquie | Hongrie | Russie | Finlande | Corée-du-Sud
50%
Citez un pays ayant remporté au moins20 médailles d'orTurquie | Suède | Iran | Hongrie
50%
Citez un pays ayant remporté au moins60 médailles d'orURSS | Etats-Unis
50%
De quelle nationalité sont ces multimédailles olympiques ?Aleksandr Karelin (4)Américaine
0%
Les médaillées françaisesLégers en 2004Anna {Gomis}
0%
Les médaillés françaisLL Légers en 1928Charles {Pacôme}
0%
Les médaillés françaisLL Lourds en 1928Edmond {Dame}
0%
GénéralitésLe troisième pays ayant envoyé le plus de lutteurs (267) est le/la/l'/lesFinlande
0%
Les médaillés françaisLL Mi-lourds en 1928Henri {Lefèbvre}
0%
De quelle nationalité sont ces multimédailles olympiques ?Imre Polyak (4)Hongroise
0%
De quelle nationalité sont ces multimédailles olympiques ?Vincenzo Maenza (3)Italien
0%
De quelle nationalité sont ces multimédailles olympiques ?Kaori Icho (4)Japonaise
0%
Les médaillées françaisesMoyens en 2004Lise {Legrand}
0%
Les médaillés françaisLL Coqs 1932Louis {François}
0%
Les médaillés françaisLGR Coqs en 1932Louis {François}
0%
Les médaillés françaisLGR Welters en 1960René {Schiermeyer}
0%
GénéralitésLe deuxième pays ayant envoyé le plus de lutteurs (270) est le/la/l'/lesTurquie
0%
Les médaillés françaisLGR Super lourds en 2008Yannick {Szczepaniak}
0%

Distribution des résultats

Percentile par nombre de réponses

% des personnes avec chaque résultat

Votre développement - résultats

Vous n’avez pas pris ce quiz